Načítá se...
Paurathwam: avakaasangalum karthavyangalum
| Hlavní autoři: | , |
|---|---|
| Médium: | Printed Book |
| Vydáno: |
1989
|
| LEADER | 003870000a22001210004500 | ||
|---|---|---|---|
| 040 | |a MAL | ||
| 082 | |a 323.6 32M9 | ||
| 100 | |a Prabha, M; Tr | ||
| 100 | |a Venkataramaiha, E S | ||
| 245 | |a Paurathwam: avakaasangalum karthavyangalum | ||
| 260 | |c 1989 | ||
| 999 | |c 23780 |d 23780 | ||
| 952 | |0 0 |1 0 |4 0 |6 323_600000000000000_32M9 |7 0 |8 MAL |9 23602 |a MGUL |b MGUL |d 2013-07-16 |l 0 |o 323.6 32M9 |p 08157 |r 2013-07-16 |w 2013-07-16 |y BK | ||